| 000 | 00460nam a2200169Ia 4500 | ||
|---|---|---|---|
| 008 | 131103s9999 xx 000 0 und d | ||
| 040 | _aLoreto College | ||
| 041 | _aEnglish | ||
| 082 |
_a891.4309/ROH _bLCLIB/33032 |
||
| 100 | _aRohitav | ||
| 245 |
_aNaye Kahani _b Sampakshan ki Samasya _cRohitav |
||
| 260 |
_aAllahabad _bPrabha Prakashan _c1985 |
||
| 300 |
_a192 p. _c 22 c. |
||
| 650 | _aHindi Literature - Criticism | ||
| 850 | _aLCLIB | ||
| 942 | _cBK | ||
| 999 |
_c19736 _d70215 |
||